000 00452nam a2200181Ia 4500
008 230725s1987 xx 000 0 und d
041 _aeng
082 _a615.19
_bBEC/STE
100 _aBECKETT,STENLAKE
245 _aPRACTICAL PHARMACEUTICALS CHEMISTRY PART-I
260 _bC.B.S. PUBLISHERS & DISTRUTORS
_c1987
300 _a326
365 _h15
500 _aTEXT BOOK
501 _aPC
520 _aPB
650 _aPHARMACEUTICAL CHEMISTRY
999 _c767596
_d767596